<?xml version="1.0" encoding="UTF-8"?>
<record
    xmlns:xsi="http://www.w3.org/2001/XMLSchema-instance"
    xsi:schemaLocation="http://www.loc.gov/MARC21/slim http://www.loc.gov/standards/marcxml/schema/MARC21slim.xsd"
    xmlns="http://www.loc.gov/MARC21/slim">

  <leader>00992nam a2200241 a 4500</leader>
  <controlfield tag="001">57406</controlfield>
  <controlfield tag="003">BD-RjUL</controlfield>
  <controlfield tag="005">20211209080515.0</controlfield>
  <controlfield tag="008">161208s1952    bg ||||| |||| 00| 0 ben d</controlfield>
  <datafield tag="020" ind1=" " ind2=" ">
    <subfield code="c">: TK 2.00 </subfield>
  </datafield>
  <datafield tag="035" ind1=" " ind2=" ">
    <subfield code="a">(BD-RjUL) 57530</subfield>
  </datafield>
  <datafield tag="040" ind1=" " ind2=" ">
    <subfield code="a">BD-RjUL</subfield>
    <subfield code="b">ben </subfield>
    <subfield code="c">BD-RjUL</subfield>
  </datafield>
  <datafield tag="041" ind1=" " ind2=" ">
    <subfield code="a">ben </subfield>
  </datafield>
  <datafield tag="082" ind1=" " ind2=" ">
    <subfield code="2">23 </subfield>
    <subfield code="a">297.63 </subfield>
    <subfield code="b">TAS 1952 </subfield>
  </datafield>
  <datafield tag="100" ind1=" " ind2=" ">
    <subfield code="a">&#x9A4;&#x9AF;&#x9BC;&#x9AB;&#x9C1;&#x9B0;, &#x9B8;&#x9BE;&#x9B0;&#x9BE; &#x9AE;&#x9BF;&#x9B8;&#x9C7;&#x9B8; </subfield>
    <subfield code="9">170482</subfield>
  </datafield>
  <datafield tag="245" ind1="1" ind2="0">
    <subfield code="a">&#x9B8;&#x9CD;&#x9AC;&#x9B0;&#x9CD;&#x997;&#x9C7;&#x9B0; &#x99C;&#x9CD;&#x9AF;&#x9CB;&#x9A4;&#x9BF; &#x9AC;&#x9BE; &#x9B9;&#x9AF;&#x9B0;&#x9A4; &#x9AE;&#x9CB;&#x9B9;&#x9BE;&#x9AE;&#x9CD;&#x9AE;&#x9A6; (&#x9A6;&#x983;) &#x98F;&#x9B0; &#x9B8;&#x982;&#x995;&#x9CD;&#x9B7;&#x9BF;&#x9AA;&#x9CD;&#x9A4; &#x99C;&#x9C0;&#x9AC;&#x9A8;&#x9C0; / </subfield>
    <subfield code="c">&#x9AE;&#x9BF;&#x9B8;&#x9C7;&#x9B8; &#x9B8;&#x9BE;&#x9B0;&#x9BE; &#x9A4;&#x9AF;&#x9BC;&#x9AB;&#x9C1;&#x9B0; </subfield>
  </datafield>
  <datafield tag="250" ind1=" " ind2=" ">
    <subfield code="a">&#x9EB;&#x9AE; &#x9B8;&#x982;. </subfield>
  </datafield>
  <datafield tag="260" ind1=" " ind2=" ">
    <subfield code="a">&#x9A2;&#x9BE;&#x995;&#x9BE; :</subfield>
    <subfield code="b">&#x995;&#x9BE;&#x99C;&#x9C0; &#x9AE;&#x9C1;&#x9B9;&#x9AE;&#x9CD;&#x9AE;&#x9A6; &#x9AC;&#x9B6;&#x9C0;&#x9B0;, </subfield>
    <subfield code="c">&#x9E7;&#x9EF;&#x9EB;&#x9E8; </subfield>
  </datafield>
  <datafield tag="300" ind1=" " ind2=" ">
    <subfield code="a">&#x9E7;&#x9E8;&#x9EC; &#x9AA;&#x9C3;. ; </subfield>
    <subfield code="c">&#x9E7;&#x9EB; &#x9B8;&#x9C7;&#x9AE;&#x9BF;. </subfield>
  </datafield>
  <datafield tag="600" ind1=" " ind2=" ">
    <subfield code="a">&#x9AE;&#x9C1;&#x9B9;&#x9AE;&#x9CD;&#x9AE;&#x9A6;, &#x9B9;&#x9AF;&#x9B0;&#x9A4; (&#x9B8;&#x9BE;&#x983;) </subfield>
    <subfield code="d">&#x9EB;&#x9ED;&#x9E6;-&#x9EC;&#x9E9;&#x9E8; </subfield>
    <subfield code="9">170484</subfield>
  </datafield>
  <datafield tag="600" ind1=" " ind2=" ">
    <subfield code="a">Muhammad, Hazarat (sm) </subfield>
    <subfield code="d">570-632 </subfield>
    <subfield code="9">170465</subfield>
  </datafield>
  <datafield tag="942" ind1=" " ind2=" ">
    <subfield code="2">ddc</subfield>
    <subfield code="c">BK</subfield>
  </datafield>
  <datafield tag="999" ind1=" " ind2=" ">
    <subfield code="c">57406</subfield>
    <subfield code="d">57406</subfield>
  </datafield>
  <datafield tag="952" ind1=" " ind2=" ">
    <subfield code="0">0</subfield>
    <subfield code="1">0</subfield>
    <subfield code="2">ddc</subfield>
    <subfield code="4">0</subfield>
    <subfield code="7">1</subfield>
    <subfield code="8">NFIC</subfield>
    <subfield code="a">RUCL</subfield>
    <subfield code="b">RUCL</subfield>
    <subfield code="c">Reading</subfield>
    <subfield code="d">1967-05-30</subfield>
    <subfield code="e">Faruk Library, Rajshahi</subfield>
    <subfield code="g">2.00</subfield>
    <subfield code="l">0</subfield>
    <subfield code="o">B 297.63  TAS 1952</subfield>
    <subfield code="r">2016-12-08 00:00:00</subfield>
    <subfield code="t">C-1</subfield>
    <subfield code="w">2016-12-08</subfield>
    <subfield code="y">BK</subfield>
  </datafield>
</record>
